000 00628nam a2200229Ia 4500
003 OSt
005 20220926042751.0
006 a|||||r|||| 00| 0
007 ta
008 220923b |||||||| |||| 00| 0 eng d
037 _cGeneral Book
040 _aRTL
_cRTL
_beng
041 _2eng
_aeng
082 _aUan595,N5, K0
110 _aPolska Akademia Nauk Instytut Geografii
_9346716
245 0 _aBibliografia geografii polskiej
260 _c1960
650 _aGeography
700 _aPolska Akademia Nauk Instytut Geografii
_9346717
942 _hUan595,N5, K0
_cGB
_2CC
999 _c670524
_d670524